|
|
|
|
| LEADER |
01474nam a2200397Ia 4500 |
| 001 |
EBC896677 |
| 003 |
MiAaPQ |
| 005 |
20200520144314.0 |
| 006 |
m o d | |
| 007 |
cr cn||||||||| |
| 008 |
100416s2010 dcuab sb 000 0 eng d |
| 010 |
|
|
|z 2010015335
|
| 020 |
|
|
|z 9780874202168
|
| 020 |
|
|
|z 9780874201321
|
| 020 |
|
|
|z 0874201322
|
| 035 |
|
|
|a (MiAaPQ)EBC896677
|
| 035 |
|
|
|a (Au-PeEL)EBL896677
|
| 035 |
|
|
|a (CaPaEBR)ebr10555720
|
| 035 |
|
|
|a (CaONFJC)MIL535156
|
| 035 |
|
|
|a (OCoLC)792685154
|
| 040 |
|
|
|a MiAaPQ
|c MiAaPQ
|d MiAaPQ
|
| 050 |
|
4 |
|a HT169.57.U6
|b M39 2010
|
| 082 |
0 |
4 |
|a 307.76/8
|2 22
|
| 100 |
1 |
|
|a McMahon, Edward,
|d 1947-
|
| 245 |
1 |
0 |
|a Conservation communities
|h [electronic resource] :
|b creating value with nature, open space, and agriculture /
|c Edward T. McMahon.
|
| 260 |
|
|
|a Washington, DC :
|b Urban Land Institute,
|c c2010.
|
| 300 |
|
|
|a ix, 249 p. :
|b col. ill., col. maps.
|
| 504 |
|
|
|a Includes bibliographical references.
|
| 533 |
|
|
|a Electronic reproduction. Ann Arbor, MI : ProQuest, 2015. Available via World Wide Web. Access may be limited to ProQuest affiliated libraries.
|
| 650 |
|
0 |
|a Planned communities
|z United States.
|
| 650 |
|
0 |
|a Open spaces
|z United States.
|
| 650 |
|
0 |
|a Housing development
|z United States.
|
| 655 |
|
4 |
|a Electronic books.
|
| 710 |
2 |
|
|a ProQuest (Firm)
|
| 710 |
2 |
|
|a Urban Land Institute.
|
| 856 |
4 |
0 |
|u https://ebookcentral.proquest.com/lib/matrademy/detail.action?docID=896677
|z Click to View
|